El procedimiento administrativo y la gestin̤ presupuestaria y su control

Bibliographic Details
Main Author: Palomar Olmeda, Alberto
Other Authors: Losada Gonzl̀ez, Herminio
Format: Unknown
Language:Spanish
Published: Madrid : Dikinson, 1995
Subjects:
Online Access:Acceso restringido

MARC

LEADER 00000ny a22000003n 4500
005 20110525134445.0
008 970307s1995 sp s 000 0 spa c
017 |a M39860-1994 
020 |a 8481550647 
035 |a 160 
040 |a UMA.RE  |d vLex 
040 |a UMA.RLB  |d vLex 
080 |a 35.073 
090 |c 285  |d 285 
100 1 |a Palomar Olmeda, Alberto 
245 1 3 |a El procedimiento administrativo y la gestin̤ presupuestaria y su control  |h [Recurso electrn̤ico]  |c Alberto Palomar Olmeda, Herminio Losada Gonzl̀ez 
256 |a Servicio en ln̕ea 
260 |a Madrid :  |b Dikinson,  |c 1995 
300 |a XVII, 411 p. ;  |c 24 cm 
504 |a Bibliogr. : p.397-410 
506 1 |a Contenido solo disponible en los productos indicados  |d vLex Global  |d vLex Global (Academic Edition, excluding Law Schools)  |d vLex Global (U.S. Academic Edition, Law Schools)  |d vLex Global (U.S. Academic Edition, excluding Law Schools)  |d vLex Global (Academic Edition, Law Schools) 
650 0 4 |a Procedimiento contencioso-administrativo  |2 Tesauro vLex 
650 0 4 |a Procesal  |2 Tesauro vLex 
650 0 4 |a Procedimiento administrativo  |2 Tesauro vLex 
650 0 4 |a Gestin̤ presupuestaria  |2 Tesauro vLex 
650 0 4 |a Control presupuestario  |2 Tesauro vLex 
700 1 |a Losada Gonzl̀ez, Herminio 
740 0 |a vLex Libros (Servicios en ln̕ea) 
856 4 0 |u http://vlex.com/source/160  |z Acceso restringido 
942 |c BOOK 
999 0 |a Procedural Law  |b Madrid